| 000 | 00525cam a2200217ua 4500 | ||
|---|---|---|---|
| 001 | 10471 | ||
| 005 | 20260515114627.0 | ||
| 008 | 190227n ii |||gr||||Z||||||asm | ||
| 020 | _a9788186384794 | ||
| 040 | _cMAIN | ||
| 041 | _aasm | ||
| 082 | _a891.4513 | ||
| 100 |
_aHemanta Deka, _eAuthor. |
||
| 245 | _aAsamiya panchali kabya | ||
| 250 | _a1st ed. | ||
| 260 |
_aGuwahati: _bAssam publishing company, _c2013. |
||
| 300 | _a246p. | ||
| 653 | _aAssamese panchali literature | ||
| 653 | _aAssamese poem | ||
| 942 | _cBK | ||
| 999 |
_c9447 _d9447 |
||